| 000 | 00905na a2200229 4500 | ||
|---|---|---|---|
| 001 | 18166 | ||
| 003 | MIRAKIL | ||
| 005 | 20181213154929.0 | ||
| 008 | 161114b tu 000 0 | ||
| 040 |
_aMilas _btur _cTR-AnCHP |
||
| 041 | _atur | ||
| 082 |
_a328.9561 _bT15 1997 |
||
| 090 | _a328.9561 T15 1997 | ||
| 110 | _aTBMM Genel Sekreterliği | ||
| 245 |
_aTBMM Başkanlığının faaliyetleri _b20 nci dönem 2 yasama yılında Türkiye Büyük Millet Meclisi'nin yasama-denetim yönetim ve düzenleme çalışmalarına ilişkin genel bilgiler _cTBMM Genel Sekreterliği |
||
| 246 | _a20 nci dönem 2 yasama yılında Türkiye Büyük Millet Meclisi'nin yasama-denetim yönetim ve düzenleme çalışmalarına ilişkin genel bilgiler | ||
| 260 |
_a[Ankara] _bTBMM _c1997 |
||
| 300 |
_a126 s. _bgrf. _c24 sm. |
||
| 650 |
_aTBMM _zTürkiye |
||
| 650 |
_aYasama organı _zTürkiye |
||
| 942 |
_2dcc _cBKS |
||
| 999 |
_c3374 _d3374 |
||